| 000 | 00740cam a2200229 4500 | ||
|---|---|---|---|
| 001 | 3424 | ||
| 005 | 20181127171200.0 | ||
| 008 | 001016s2000 paua 001 0 eng | ||
| 010 | _a 00051727 | ||
| 020 | _a1880410230 (pbk. : alk. paper) | ||
| 020 | _a1930699107 (Q & As booklet) | ||
| 020 | _a9781933890517 | ||
| 245 | 0 | 2 | _aA guide to the project management body of knowledge (PMBOK guide). |
| 246 | 3 | 0 | _aPMBOK guide |
| 250 | _a4th edition. | ||
| 260 |
_aNewtown Square, Penn., USA : _bProject Management Institute, _c2008. |
||
| 300 |
_axxvi, 467p. : _bill. ; _c28 cm. |
||
| 500 | _aIncludes index. | ||
| 650 | 0 | _aProject management. | |
| 710 | 2 | _aProject Management Institute. | |
| 740 | 0 | 2 | _aQ & As for the PMBOK guide (2000 edition) |
| 999 |
_c2773 _d2773 |
||